| 000 | 00403nam a22001577a 4500 | ||
|---|---|---|---|
| 003 | MPLRDC | ||
| 005 | 20220104165919.0 | ||
| 008 | 210129b ||||| |||| 00| 0 eng d | ||
| 082 | _a050.1 RD v.11 1987 c.2 | ||
| 100 | _aKATHY C. STOCKWIN | ||
| 245 |
_aREADER'S DIGEST. NOVEMBER 1987 _c |
||
| 260 |
_a _bREADER'S DIGEST INC. _c1987 |
||
| 300 | _b平 | ||
| 650 | _a | ||
| 942 |
_cBK _o050.1 RD v.11 1987 c.2 |
||
| 999 |
_c57661 _d57651 |
||